000 00640nam a22001457a 4500
999 _c134263
_d134263
005 20240604112353.0
008 240604b ||||| |||| 00| 0 eng d
040 _cPK-LaUMT
082 _aAPC 297.4092
_bASH-N
100 _aAshfaq ul Ishaq, Muhammad = اشفاق الاسحاق، محمد
245 _aNasim Yemen fi halaat 1328 Awais Qarn Razi Allah Tala Unho = نسیم یمن فی حالات 1328 اویس قرن رضی اللہ تعالیٰ عنہ /
_cby Muhammad Ashfaq ul Ishaq = محمد اشفاق الاسحاق
260 _aMultan =
_bIdarah Zia ul Sunnat Jamia Islamia Khairulmead,
_c2002
300 _a200 p.
942 _cBK